000 00681nam a22001457a 4500
999 _c533157
_d533157
008 260427b ||||| |||| 00| 0 eng d
100 _aMenon, Rahul
_960270
245 _aPolitics, value, and the theory of money
260 _aEconomic & Political Weekly
300 _a61(8), Feb 21, 2026: p.28-30
520 _aA Political Theory of Money by Anush Kapadia, Cambridge, New York, Port Melbourne, New Delhi and Singapore: Cambridge University Press, 2023; pp xv + 254, price not indicated.-Reproduced https://www.epw.in/journal/2026/8/book-reviews/politics-value-and-theory-money.html
773 _aEconomic & Political Weekly
906 _aBOOK REVIEW
942 _cAR